New trails, (Record no. 21588)
[ view plain ]
| 000 -LEADER | |
|---|---|
| fixed length control field | 00958cam a22002531 4500 |
| 001 - CONTROL NUMBER | |
| control field | e 38000160 |
| 003 - CONTROL NUMBER IDENTIFIER | |
| control field | DLC |
| 005 - DATE AND TIME OF LATEST TRANSACTION | |
| control field | 20260227111227.0 |
| 008 - FIXED-LENGTH DATA ELEMENTS--GENERAL INFORMATION | |
| fixed length control field | 790216s1930 paua j 000 0 eng c |
| 010 ## - LIBRARY OF CONGRESS CONTROL NUMBER | |
| LC control number | e 38000160 |
| 035 ## - SYSTEM CONTROL NUMBER | |
| System control number | (OCoLC)4660106 |
| 040 ## - CATALOGING SOURCE | |
| Original cataloging agency | U.S. Off. of educ. Library |
| Transcribing agency | NcU |
| Modifying agency | NcU |
| -- | OCoLC |
| -- | DLC |
| 050 00 - LIBRARY OF CONGRESS CALL NUMBER | |
| Classification number | PE1117 |
| Item number | .R7 vol. 4 |
| 100 1# - MAIN ENTRY--PERSONAL NAME | |
| Personal name | Rowland, Sydney Vanferson, |
| Relator term | comp. |
| 245 10 - TITLE STATEMENT | |
| Title | New trails, |
| Statement of responsibility, etc. | by Sydney V. Rowland, William Dodge Lewis and Elizabeth J. Marshall; illustrated by Maud and Miska Petersham. Book IV. |
| 260 ## - PUBLICATION, DISTRIBUTION, ETC. | |
| Place of publication, distribution, etc. | Philadelphia, |
| Name of publisher, distributor, etc. | John C. Wilson |
| Date of publication, distribution, etc. | [c1930] |
| 300 ## - PHYSICAL DESCRIPTION | |
| Extent | xi, [1], 372 p. |
| Other physical details | illus. (part col.) |
| Dimensions | 20 cm. |
| 500 ## - GENERAL NOTE | |
| General note | Illustrated lining-papers. |
| 500 ## - GENERAL NOTE | |
| General note | One of a series of new basal readers for the intermediate grades. cf. Foreword. |
| 500 ## - GENERAL NOTE | |
| General note | Contains bibliographies. |
| 650 #0 - SUBJECT ADDED ENTRY--TOPICAL TERM | |
| Topical term or geographic name entry element | Readers. |
| 700 1# - ADDED ENTRY--PERSONAL NAME | |
| Personal name | Lewis, William Dodge, |
| Dates associated with a name | 1870-1960. |
| 700 1# - ADDED ENTRY--PERSONAL NAME | |
| Personal name | Marshall, Elizabeth J. |
| Relator term | joint comp. |
No items available.